logo

Bir Sreshtho Munshi Abdur Rouf Library
Jhenaidah Cadet College

Intermediate accounting / (Record no. 5553)

MARC details
000 -LEADER
fixed length control field 00820pam a2200289 a 4500
001 - CONTROL NUMBER
JCCL Control Number 5553
003 - CONTROL NUMBER IDENTIFIER
JCCL marc code BD-JhCC
005 - DATE AND TIME OF LATEST TRANSACTION
control field 20171221091327.0
008 - FIXED-LENGTH DATA ELEMENTS--GENERAL INFORMATION
fixed length control field 810611s1982 nyu 001 0 eng
020 ## - INTERNATIONAL STANDARD BOOK NUMBER
International Standard Book Number 0070415803
Terms of availability $25.00 (est.)
035 ## - SYSTEM CONTROL NUMBER
system control number (BD-JhCC)5553
040 ## - CATALOGING SOURCE
Original cataloging agency DLC
Transcribing agency DLC
Modifying agency DLC
-- BD-JhCC
041 ## - LANGUAGE CODE
Language code of Book eng
050 00 - LIBRARY OF CONGRESS CALL NUMBER
Classification number HF5635
Item number .M8754 1982
082 00 - DEWEY DECIMAL CLASSIFICATION NUMBER
Classification number 657/.044
DDC Edition number 19
Author mark and Year MOS 1982
100 1# - MAIN ENTRY--PERSONAL NAME
Personal name Mosich, A. N.
245 10 - TITLE STATEMENT
Title Intermediate accounting /
Statement of responsibility, etc A.N. Mosich, E. John Larsen.
250 ## - EDITION STATEMENT
Edition statement 5th ed.
260 ## - PUBLICATION, DISTRIBUTION, ETC. (IMPRINT)
Place of publication, distribution, etc New York :
Name of publisher, distributor, etc McGraw-Hill,
Date of publication, distribution, etc c1982.
300 ## - PHYSICAL DESCRIPTION
Pagination xxii, 1114 p. ;
Dimensions 25 cm.
500 ## - GENERAL NOTE
General note Fourth ed. by Walter B. Meigs, A.N. Mosich, Charles E. Johnson, c1978.
500 ## - GENERAL NOTE
General note Includes index.
650 #0 - SUBJECT ADDED ENTRY--TOPICAL TERM
Topical term or geographic name as entry element Accounting.
700 1# - ADDED ENTRY--PERSONAL NAME
Personal name Larsen, E. John.
942 ## - ADDED ENTRY ELEMENTS (KOHA)
Source of classification or shelving scheme Dewey Decimal Classification
Koha item type Books
Holdings
Source of classification or shelving scheme Damaged status Not for loan Home library Current library Shelving location Total Checkouts Full call number Barcode Date last seen Copy number Koha item type
Dewey Decimal Classification     JCC Rouf Library JCC Rouf Library General Stacks   657/.044 MOS 1982 7039 12/18/2017 C - 1 Books

JCC Library | Contacts | JCC Home

Last Update on 23 September 2017
Copyright @ 2017-2020 JCC Rouf Library
Rouf Library, Jhenidah Cadet College (JCC), Bangladesh